Bohatý festival LiKE trval týždeň

Bibliographic Details
Format: Article
Language:Slovak
PhysicalDescription:Fotografia
ISSN:1210-1982
Subjects:

MARC

LEADER 00000nab a2200000u 4500
001 vtls012267706
003 SK-MaSNL
005 20260304013459.0
008 241202|2024 xo ||||||| || ||slo|
038 |a KEVKJB 
040 |a KEVKJB  |b slo  |c KEVKJB  |e rda 
041 0 |a slo 
043 |a e-xo--- 
044 |a xo  |c SK 
072 7 |a 82  |x Literatúra. Literárny život  |2 konspekt 
080 |a 82:7.079  |2 2011 
245 0 0 |a Bohatý festival LiKE trval týždeň  |c Tím LiKE 
300 |b Fotografia 
336 |a text  |b txt  |2 rdacontent 
337 |a bez média  |b n  |2 rdamedia 
338 |a zväzok  |b nc  |2 rdacarrier 
611 2 7 |a LiKE  |g festival súčasnej literatúry  |d (2024 :  |c Košice, Slovensko)  |2 kevkjb  |9 1294527 
650 0 7 |a literárne festivaly  |2 SNKPH  |9 68768 
650 0 7 |a súčasná literatúra  |2 kevkjb  |9 1086918 
651 7 |a Košice (Slovensko)  |2 kevkjb  |9 18694 
773 0 |t Knižná revue  |g Roč. XXXIV., č. 10 (2024), s. 4  |x 1210-1982 
852 |a KEVKJB  |b KIS3GCP 
999 |c 2575978  |d 2577908